| 000 | 00513nam a2200205Ia 4500 | ||
|---|---|---|---|
| 005 | 20251113210321.0 | ||
| 008 | 230125s9999 xx 000 0 und d | ||
| 020 | _a0-14-303120-1 | ||
| 041 | _aeng | ||
| 082 |
_a158.1 _bVAL |
||
| 100 |
_aValentine N _9214885 |
||
| 245 | _aChairing and running meetings | ||
| 260 |
_c2004 _bPenguin books _aNew Delhi |
||
| 300 | _a116p | ||
| 500 | _aPersonality Development, | ||
| 650 |
_aManagement _9213067 |
||
| 700 |
_aValentine N _9214885 |
||
| 906 | _b9 | ||
| 942 | _cBK | ||
| 999 |
_c85142 _d85142 |
||